000 00555nam a22001697a 4500
999 _c61057
_d61057
005 20231212170913.0
008 231212s1994 ru ||||| |||| 00| 0 rus d
020 _a5751900251
041 _arus
080 _a94(100) Ч-59
100 _aЧизхолм, Д.
_920682
245 _aМировая история в датах /
_cД. Чизхолм.
264 _aМ.:
_bРосмэн;
_c1994.
300 _a128 с.:
_bил. ;
_c27 см.
653 _aმსოფლიო ისტორია თარიღებში
942 _2udc
_cᲬᲘᲒᲜᲘ